00333nam a2200133Ia 45000010005000000080041000050200022000460820023000681000016000912450026001072600023001339010028001569990015001844114241024s9999 xx 000 0 und d a978-9945-8658-1-0 aRD/972.97293/B142t aCarlos Baez 0aTrujillo en 500 tuits bEditora Buhoc2016 a15/7/2016 12:14:11 p.m. c7543d7543